<?xml version="1.0" encoding="UTF-8"?>
<record
    xmlns:xsi="http://www.w3.org/2001/XMLSchema-instance"
    xsi:schemaLocation="http://www.loc.gov/MARC21/slim http://www.loc.gov/standards/marcxml/schema/MARC21slim.xsd"
    xmlns="http://www.loc.gov/MARC21/slim">

  <leader>00560nam a22001817a 4500</leader>
  <controlfield tag="005">20240506114315.0</controlfield>
  <controlfield tag="008">240506b        |||||||| |||| 00| 0 eng d</controlfield>
  <datafield tag="041" ind1=" " ind2=" ">
    <subfield code="a">eng</subfield>
  </datafield>
  <datafield tag="082" ind1=" " ind2=" ">
    <subfield code="2">1st</subfield>
    <subfield code="a">610 GUP BV0840</subfield>
    <subfield code="b">GUP</subfield>
  </datafield>
  <datafield tag="100" ind1=" " ind2=" ">
    <subfield code="a">Gupta V B Ed.</subfield>
    <subfield code="9">204902</subfield>
  </datafield>
  <datafield tag="245" ind1=" " ind2=" ">
    <subfield code="a">Inventi Impact: Nursing Research Vol: 23 Issue: 1-4, Jan-Dec 2023</subfield>
  </datafield>
  <datafield tag="250" ind1=" " ind2=" ">
    <subfield code="a">1st</subfield>
  </datafield>
  <datafield tag="260" ind1=" " ind2=" ">
    <subfield code="a">Bhopal</subfield>
    <subfield code="b">Inventi Journals</subfield>
    <subfield code="c">2023</subfield>
  </datafield>
  <datafield tag="300" ind1=" " ind2=" ">
    <subfield code="a">312p</subfield>
    <subfield code="b">Hb</subfield>
    <subfield code="c">30X21cm</subfield>
  </datafield>
  <datafield tag="365" ind1=" " ind2=" ">
    <subfield code="a">Rupaye</subfield>
    <subfield code="b">2260.00</subfield>
    <subfield code="c">INR</subfield>
  </datafield>
  <datafield tag="521" ind1=" " ind2=" ">
    <subfield code="a">Inventi Impact
Nursing Research
Vol: 23 Issue: 1-4
Jan-Dec 2023</subfield>
  </datafield>
  <datafield tag="942" ind1=" " ind2=" ">
    <subfield code="c">BV</subfield>
  </datafield>
  <datafield tag="999" ind1=" " ind2=" ">
    <subfield code="c">357866</subfield>
    <subfield code="d">357866</subfield>
  </datafield>
  <datafield tag="952" ind1=" " ind2=" ">
    <subfield code="0">0</subfield>
    <subfield code="1">0</subfield>
    <subfield code="2">ddc</subfield>
    <subfield code="4">0</subfield>
    <subfield code="7">3</subfield>
    <subfield code="a">BTIN</subfield>
    <subfield code="b">BTIN</subfield>
    <subfield code="d">2024-05-03</subfield>
    <subfield code="e">00</subfield>
    <subfield code="g">2260.00</subfield>
    <subfield code="i">00</subfield>
    <subfield code="o">610 GUP BV0840 </subfield>
    <subfield code="p">BTIN-BV-840</subfield>
    <subfield code="r">2024-05-06 00:00:00</subfield>
    <subfield code="t">00</subfield>
    <subfield code="v">2260.00</subfield>
    <subfield code="w">2024-05-03</subfield>
    <subfield code="y">BV</subfield>
    <subfield code="z">BTIN-BV-840</subfield>
  </datafield>
</record>
